| 000 | 00447pab a2200169 454500 | ||
|---|---|---|---|
| 008 | 180718b2008 xxu||||| |||| 00| 0 eng d | ||
| 100 | _aNie, Martin | ||
| 245 | _aThe underappreciated role of regulatory enforcement in natural resource conservation | ||
| 260 | _c2008 | ||
| 300 | _ap.139-64. | ||
| 362 | _aJun | ||
| 650 | _aNatural resources | ||
| 650 | _aResources conservation | ||
| 773 | _aPolicy Science | ||
| 908 | _aN | ||
| 909 | _a78646 | ||
| 999 |
_c78646 _d78646 |
||